000 01373cas a2200361 a 4500
001 15520689
005 20180205095529.0
008 070829c20079999mnuar v 0 a0eng c
010 _a 2008234133
022 0 _a1944-5849
_21
035 _a(OCoLC)ocn166394530
037 _bThomson/West, 610 Opperman Drive, Eagan, MN 55123
040 _aONL
_beng
_cONL
_dHVL
_dDLC
_dOCLCQ
_dDLC
_dOCLCA
_dOCLCF
_dOCLCO
_dYDXCP
_dLRP
_dYDX
_dOCLCQ
041 _aeng
042 _apcc
_ansdp
043 _an-us---
080 _a342.73
082 1 0 _a342.73 CHO
_214
100 _a14
101 _aSHJ
222 0 _aConstitutional law leading cases
245 0 0 _aConstitutional law--leading cases.
246 1 _iVols. for <2012-> also have a title:
_aLeading cases in constitutional law
310 _aAnnual
362 0 _a2007 ed.-
580 _aBased on: Constitutional law : cases, comments, questions.
776 0 8 _iOnline version:
_tConstitutional law--leading cases
_w(OCoLC)765357564
787 1 _tConstitutional law : cases, comments, questions
906 _a7
_bcbc
_cserials
_d2
_encip
_f20
_gn-oclcserc
942 _2ddc
_cBK
999 _c41840
_d41840